Europas 250 största städer på en karta - Statistics

General Stats
  • This quiz has been taken 348 times
  • The average score is 71 of 246
Answers on the Map
Answers color-coded by a green-red scale on the quiz's map according to % correct below.
 
Answer Stats
Befolkning Svar % Correct
2,23m Stockholm
98%
1,19m Oslo
96%
14,8m London
95%
708tn Göteborg
94%
489tn Malmö
93%
1,30m Helsingfors
91%
1,68m Köpenhamn
90%
17,3m Moskva
90%
6,55m Madrid
89%
11,4m Paris
89%
3,58m Rom
89%
4,73m Berlin
87%
1,39m Dublin
86%
4,78m Barcelona
85%
2,48m Lissabon
85%
3,35m Aten
82%
3,48m Kiev
82%
3,05m Manchester
82%
2,38m Warszawa
81%
465tn Tallinn
80%
5,65m Sankt Petersburg
79%
2,48m Amsterdam
77%
2,25m München
76%
688tn Riga
76%
16,0m Istanbul
75%
2,25m Wien
75%
1,88m Liverpool
73%
6,20m Milano
73%
2,88m Hamburg
72%
2,63m Budapest
70%
2,20m Bukarest
69%
572tn Vilnius
69%
422tn Bern
68%
2,70m Bryssel
68%
1,44m Prag
68%
1,30m Sofia
67%
1,84m Valencia
65%
935tn Edinburgh
64%
1,66m Marseille
64%
2,00m Minsk
64%
809tn Zagreb
63%
1,68m Glasgow
62%
946tn Nice
62%
1,42m Belgrad
61%
1,98m Lyon
61%
3,15m Birmingham
59%
904tn Gdánsk
59%
3,25m Rotterdam / Haag
59%
5,00m Köln / Dusseldorf
57%
872tn Tirana
57%
4,23m Neapel
56%
1,54m Porto
56%
371tn Sarajevo
55%
1,03m Málaga
54%
1,64m Turin
54%
433tn Venedig
54%
379tn Århus
53%
3,25m Frankfurt am Main
53%
819tn Kraków
53%
1,29m Sevilla
52%
1,43m Zürich
52%
623tn Belfast
51%
476tn Bratislava
48%
2,18m Leeds
48%
911tn Bilbao
46%
460tn Valletta
46%
900tn Palermo
45%
472tn Palma de Mallorca
44%
373tn Ljubljana
43%
553tn Skopje
43%
338tn Tammerfors
43%
1,08m Bordeaux
42%
1,48m Newcastle
42%
596tn Brighton
41%
960tn Cardiff
41%
1,00m Bremen
40%
585tn Chișinău
38%
1,01m Florens
38%
748tn Leipzig
36%
1,11m Odessa
36%
2,40m Stuttgart
36%
325tn Kiel
35%
1,16m Southampton
35%
791tn Genève
34%
834tn Dresden
33%
1,15m Hannover
33%
1,04m Toulouse
33%
613tn Bologna
32%
482tn Kaliningrad
32%
1,29m Lille
31%
806tn Thessaloniki
31%
1,22m Antwerpen
30%
1,64m Charkiv
30%
926tn Bristol
29%
1,44m Donetsk
29%
581tn Genua
29%
725tn Lviv
28%
542tn Strasbourg
27%
586tn Bari
26%
1,57m Sheffield
26%
490tn Alicante
25%
716tn Nantes
25%
348tn Graz
24%
1,38m Nottingham
24%
426tn San Sebastian
24%
419tn Swansea
24%
1,20m Nürnberg
23%
432tn Cagliari
22%
463tn Verona
22%
712tn Leicester
21%
771tn Basel
20%
829tn Łódź
20%
726tn Saragossa
20%
1,41m Volgograd
20%
524tn Granada
19%
340tn Brest
18%
471tn Gent
18%
379tn Linz
18%
528tn Montpellier
18%
1,30m Rostov vid Don
18%
439tn Sotji
18%
423tn Brno
17%
404tn Luhansk
17%
409tn Sevastopol
17%
995tn Utrecht
17%
553tn Bournemouth
16%
704tn Catania
16%
1,26m Kazan
16%
403tn Kingston-upon-Hull
16%
915tn Krasnodar
16%
552tn Eindhoven
15%
685tn Murcia
15%
409tn Rennes
15%
401tn Cadiz
14%
325tn Cluj-Napoca
14%
428tn Lausanne
14%
598tn Poznań
14%
641tn Wrocław
14%
1,39m Dnipro
13%
1,66m Jekaterinburg
13%
440tn Mariupol
13%
406tn Vigo
13%
388tn A Coruña
12%
515tn Augsburg
12%
653tn Liège
12%
511tn Middlesbrough
12%
441tn Saint Étienne
12%
813tn Aachen
11%
1,58m Mannheim
11%
359tn Northampton
11%
355tn Pamplona
11%
1,13m Ufa
11%
348tn Archangelsk
10%
712tn Coventry
10%
539tn Grenoble
10%
516tn Karlsruhe
10%
438tn Plovdiv
10%
442tn Stoke-on-Trent
10%
435tn Szczecin
10%
349tn Varna
10%
482tn Avignon
9%
321tn Brasov
9%
379tn Lublin
9%
502tn Mönchengladbach
9%
338tn Nancy
9%
1,73m Nizjnij Novgorod
9%
323tn Novi Sad
9%
520tn Ostrava
9%
402tn Tarragona
9%
581tn Toulon
9%
322tn Córdoba
8%
340tn Kassel
8%
450tn Kursk
8%
446tn Metz
8%
347tn Preston
8%
487tn Rouen
8%
1,30m Samara
8%
366tn Taranto
8%
427tn Charleroi
7%
449tn Chemnitz
7%
356tn Constanța
7%
325tn Maastricht
7%
399tn Modena
7%
1,10m Perm
7%
342tn Simferopol
7%
319tn Timișoara
7%
383tn Valladolid
7%
451tn Blackburn
6%
438tn Braunschweig
6%
319tn Halle
6%
610tn Jaroslavl
6%
491tn Padua
6%
907tn Saarbrücken
6%
329tn Smolensk
6%
402tn Tours
6%
560tn Arnhem / Nijmegen
5%
534tn Astrachan
5%
935tn Bielefeld
5%
458tn Brescia
5%
346tn Clermont-Ferrand
5%
414tn Enschede
5%
357tn Grodno
5%
446tn Groznyj
5%
1,09m Saratov
5%
358tn Vladimir
5%
409tn Belgorod
4%
510tn Gomel
4%
413tn Magnitogorsk
4%
479tn Tula
4%
421tn Tver
4%
365tn Vitebsk
4%
1,06m Voronezj
4%
350tn Bydgoszcz
3%
483tn Mykolajiv
3%
565tn Orenburg
3%
394tn Castellón de la Plana
2%
352tn Freiburg im Breisgau
2%
349tn Koblenz
2%
720tn Machatjkala
2%
379tn 's-Hertogenbosch
2%
528tn Stavropol
2%
322tn Tambov
2%
1,41m Tjeljabinsk
2%
756tn Toljatti
2%
404tn Brjansk
1%
332tn Heilbronn
1%
354tn Horlivka
1%
436tn Ivanovo
1%
649tn Izjevsk
1%
337tn Kaluga
1%
585tn Kirov
1%
556tn Lipetsk
1%
357tn Mahiljoŭ
1%
345tn Massa
1%
534tn Naberezjnyje Tjelny
1%
587tn Penza
1%
558tn Rjazan
1%
622tn Tjeboksary
1%
628tn Uljanovsk
1%
341tn Valenciennes
1%
370tn Vinnytsia
1%
739tn Zaporizjzja
1%
354tn Béthune
0%
625tn Kryvyj Rih
0%
352tn Nizjnij Tagil
0%
322tn Pjatigorsk
0%
No matching quizzes found
Score Distribution
Percent of People with Each Score
Percentile by Number Answered
Your Score History
You have not taken this quiz